[Event "Montevideo Duchamp Cup 7th"]
[Site "Montevideo"]
[Date "2024.02.05"]
[Round "5"]
[White "Meza, Anahi Silvina"]
[Black "Carbone, Diego"]
[Result "0-1"]
[WhiteElo "2040"]
[BlackElo "2275"]
[PlyCount "104"]
[EventDate "2024.02.01"]
[EventType "swiss"]
[EventRounds "9"]
[EventCountry "URU"]
[SourceTitle "CB07_2024"]
[SourceDate "2024.02.14"]
[SourceVersion "1"]
[SourceVersionDate "2024.02.14"]
[SourceQuality "1"]

1. d4 Nf6 2. c4 g6 3. Nc3 d5 4. cxd5 Nxd5 5. e4 Nxc3 6. bxc3 Bg7 7. Bc4 c5 8. Ne2 Nc6 9. Be3 0-0 10. 0-0 Na5 11. Bd3 b6 12. Qd2 e5 13. Bh6 exd4 14. cxd4 c4 15. Bc2 c3 16. Qf4 Bxh6 17. Qxh6 Ba6 18. Rfe1 Bxe2 19. Rxe2 Qxd4 20. e5 Rad8 21. h4 Qg4 22. Re3 Rd4 23. h5 Qxh5 24. Qxh5 gxh5 25. Rxc3 Re8 26. Re1 Nc4 27. Bb3 Rxe5 28. Rec1 Nd2 29. Rc7 Nxb3 30. axb3 Rd3 31. b4 Rd4 32. R1c3 Rf5 33. Rg3+ Rg4 34. Rb3 a5 35. bxa5 bxa5 36. Ra7 Ra4 37. Rb8+ Kg7 38. Rba8 Ra2 39. f4 Rc5 40. Kh2 Ra3 41. Ra6 h4 42. R8a7 h5 43. Re7 Rf5 44. Rea7 Kh7 45. Ra8 Rd5 46. R8a7 Kg8 47. Ra8+ Kg7 48. R8a7 h3 49. g3 h4 50. Kxh3 hxg3 51. Ra8 Rh5+ 52. Kg4 g2 0-1

[Event "Montevideo Duchamp Cup 7th"]
[Site "Montevideo"]
[Date "2024.02.03"]
[Round "3"]
[White "Miller, Ariel"]
[Black "Meza, Anahi Silvina"]
[Result "0-1"]
[WhiteElo "1716"]
[BlackElo "2040"]
[PlyCount "46"]
[EventDate "2024.02.01"]
[EventType "swiss"]
[EventRounds "9"]
[EventCountry "URU"]
[SourceTitle "CB07_2024"]
[SourceDate "2024.02.14"]
[SourceVersion "1"]
[SourceVersionDate "2024.02.14"]
[SourceQuality "1"]

1. e4 c5 2. Nc3 e6 3. f4 a6 4. g3 b5 5. Bg2 Bb7 6. d3 b4 7. Nce2 d5 8. e5 Ne7 9. Nh3 Nf5 10. 0-0 h5 11. c3 Nc6 12. a3 a5 13. Bd2 Be7 14. Qa4 0-0 15. Bf3 Qb6 16. Bxh5 c4+ 17. d4 b3 18. g4 Nh4 19. f5 Nxe5 20. Nef4 Bc6 21. fxe6 Bxa4 22. Nxd5 Qxe6 23. Nc7 Qc6 0-1

[Event "Titled Tuesday intern op 16th Jan Late"]
[Site "Chess.com INT"]
[Date "2024.01.16"]
[Round "10"]
[White "Khater, Sherif"]
[Black "Meza, Anahi Silvina"]
[Result "1-0"]
[WhiteElo "2012"]
[BlackElo "2040"]
[PlyCount "41"]
[EventDate "2024.01.16"]
[EventType "swiss (blitz)"]
[EventRounds "11"]
[EventCountry "USA"]
[SourceTitle "CB04_2024"]
[SourceDate "2023.10.16"]
[SourceVersion "1"]
[SourceVersionDate "2023.10.16"]
[SourceQuality "1"]

1. d4 Nf6 2. Bg5 Ne4 3. Bf4 c5 4. f3 Qa5+ 5. c3 Nf6 6. Nd2 cxd4 7. Nb3 Qb6 8. Qxd4 Qxd4 9. cxd4 d6 10. Rc1 Nc6 11. e4 Bd7 12. d5 Nb4 13. Rc7 Rb8 14. Bd2 Kd8 15. Rxd7+ Nxd7 16. Bxb4 b6 17. Nd4 Kc7 18. Ba6 Nc5 19. Be2 g6 20. Bc3 Bg7 21. Nb5+ 1-0

[Event "Titled Tuesday intern op 16th Jan Late"]
[Site "Chess.com INT"]
[Date "2024.01.16"]
[Round "9"]
[White "Meza, Anahi Silvina"]
[Black "Antonio, Jorge Carlos"]
[Result "1-0"]
[WhiteElo "2040"]
[BlackElo "2277"]
[PlyCount "101"]
[EventDate "2024.01.16"]
[EventType "swiss (blitz)"]
[EventRounds "11"]
[EventCountry "USA"]
[SourceTitle "CB04_2024"]
[SourceDate "2023.10.16"]
[SourceVersion "1"]
[SourceVersionDate "2023.10.16"]
[SourceQuality "1"]

1. d4 d5 2. c4 c6 3. Nf3 Nf6 4. Nc3 dxc4 5. a4 Bf5 6. e3 e6 7. Bxc4 Bb4 8. 0-0 0-0 9. Bd2 a5 10. Qe2 Nbd7 11. Rac1 Bg6 12. Na2 Bxd2 13. Nxd2 e5 14. Nf3 exd4 15. Nxd4 Ne5 16. Rfd1 Qe7 17. Bb3 Ne4 18. Nc3 Nc5 19. Bc2 Rad8 20. Bxg6 hxg6 21. h3 Rd7 22. Nf3 Ned3 23. Rc2 Rfd8 24. Rcd2 Ne5 25. Nxe5 Qxe5 26. Rxd7 Rxd7 27. Rxd7 Nxd7 28. Qd3 Qe7 29. Qd4 Nc5 30. Ne2 b6 31. b4 axb4 32. Qxb4 Qa7 33. Nd4 Kh7 34. Nxc6 Qxa4 35. Qxb6 Qd1+ 36. Kh2 Ne4 37. Qb2 Qe1 38. Ne5 Nxf2 39. Nxf7 Qh1+ 40. Kg3 Ne4+ 41. Kf3 Qf1+ 42. Kxe4 Qxf7 43. Qe5 Qf2 44. g4 Qg2+ 45. Kd4 Qxh3 46. Qf4 Qg2 47. g5 Qb2+ 48. Ke4 Qb4+ 49. Kf3 Qb7+ 50. Kg3 Qh1 51. Qh4+ 1-0

[Event "Titled Tuesday intern op 16th Jan Late"]
[Site "Chess.com INT"]
[Date "2024.01.16"]
[Round "7"]
[White "Meza, Anahi Silvina"]
[Black "Metrick, Andrew"]
[Result "1-0"]
[WhiteElo "2040"]
[BlackElo "2255"]
[PlyCount "83"]
[EventDate "2024.01.16"]
[EventType "swiss (blitz)"]
[EventRounds "11"]
[EventCountry "USA"]
[SourceTitle "CB04_2024"]
[SourceDate "2023.10.16"]
[SourceVersion "1"]
[SourceVersionDate "2023.10.16"]
[SourceQuality "1"]

1. d4 Nf6 2. c4 g6 3. Nc3 Bg7 4. e4 d6 5. Be2 0-0 6. Nf3 Na6 7. 0-0 e5 8. d5 Nc5 9. Qc2 a5 10. b3 Ne8 11. a3 f5 12. Bg5 Nf6 13. b4 Ncxe4 14. Nxe4 fxe4 15. Nd2 e3 16. Bxe3 Bf5 17. Qb3 a4 18. Qd1 Ne4 19. Rc1 Qh4 20. Nf3 Qe7 21. c5 h6 22. Nd2 Kh7 23. Nxe4 Bxe4 24. Bg4 h5 25. Bxh5 gxh5 26. Qxh5+ Kg8 27. Rc4 Bf5 28. Rh4 Qf7 29. Qe2 Qg6 30. Kh1 Kf7 31. f4 Ke7 32. fxe5 Bxe5 33. Bf4 Qf6 34. Rh6 Bg6 35. Kg1 Kd7 36. Bxe5 Qxf1+ 37. Qxf1 Rxf1+ 38. Kxf1 Bd3+ 39. Kf2 dxe5 40. Ke3 c6 41. dxc6+ bxc6 42. Kxd3 1-0

[Event "Asuncion CIT op"]
[Site "Asuncion"]
[Date "2023.08.17"]
[Round "8"]
[White "Meza, Anahi Silvina"]
[Black "Toniutti, Ezio"]
[Result "1/2-1/2"]
[WhiteElo "1956"]
[BlackElo "2182"]
[PlyCount "56"]
[EventDate "2023.08.12"]
[EventType "swiss"]
[EventRounds "9"]
[EventCountry "PAR"]
[SourceTitle "CBM 215 Extra"]
[Source "ChessBase"]
[SourceDate "2023.09.30"]
[SourceVersion "1"]
[SourceVersionDate "2023.09.30"]
[SourceQuality "1"]

1. d4 d5 2. c4 c6 3. Nf3 Nf6 4. Nc3 dxc4 5. a4 Bf5 6. e3 e6 7. Bxc4 Bb4 8. 0-0 0-0 9. Qe2 Bg6 10. Ne5 Nbd7 11. Nxg6 hxg6 12. Rd1 Qe7 13. e4 e5 14. d5 Nb6 15. Bb3 cxd5 16. a5 d4 17. axb6 dxc3 18. bxc3 Bxc3 19. Rxa7 Rad8 20. Ba3 Bb4 21. Bxb4 Qxb4 22. Bxf7+ Kh7 23. Bd5 Nxe4 24. Qg4 Rxd5 25. Qh3+ Kg8 26. Qe6+ Kh7 27. Qh3+ Kg8 28. Qe6+ Kh7 1/2-1/2

[Event "Asuncion CIT op"]
[Site "Asuncion"]
[Date "2023.08.16"]
[Round "7"]
[White "Latorre Lopez Moreira, Luis Matias"]
[Black "Meza, Anahi Silvina"]
[Result "1/2-1/2"]
[WhiteElo "2322"]
[BlackElo "1956"]
[PlyCount "40"]
[EventDate "2023.08.12"]
[EventType "swiss"]
[EventRounds "9"]
[EventCountry "PAR"]
[SourceTitle "CBM 215 Extra"]
[Source "ChessBase"]
[SourceDate "2023.09.30"]
[SourceVersion "1"]
[SourceVersionDate "2023.09.30"]
[SourceQuality "1"]

1. d4 Nf6 2. Nc3 d5 3. Bf4 c5 4. e3 a6 5. dxc5 Qa5 6. Bxb8 Rxb8 7. Qd4 e6 8. b4 Qc7 9. Nf3 b6 10. c6 Qxc6 11. b5 Qc5 12. Qxc5 Bxc5 13. Na4 axb5 14. Bxb5+ Bd7 15. Bxd7+ Nxd7 16. Ke2 Ke7 17. Nxc5 Nxc5 18. c4 dxc4 19. Ne5 Rhc8 20. Nxc4 b5 1/2-1/2

[Event "Asuncion CIT op"]
[Site "Asuncion"]
[Date "2023.08.15"]
[Round "5"]
[White "Almiron, Antonio"]
[Black "Meza, Anahi Silvina"]
[Result "0-1"]
[WhiteElo "2319"]
[BlackElo "1956"]
[PlyCount "100"]
[EventDate "2023.08.12"]
[EventType "swiss"]
[EventRounds "9"]
[EventCountry "PAR"]
[SourceTitle "CBM 215 Extra"]
[Source "ChessBase"]
[SourceDate "2023.09.30"]
[SourceVersion "1"]
[SourceVersionDate "2023.09.30"]
[SourceQuality "1"]

1. d4 Nf6 2. c4 g6 3. Nc3 Bg7 4. e4 d6 5. h3 0-0 6. Bg5 c5 7. d5 Qa5 8. Bd2 e6 9. Bd3 Qd8 10. Nf3 exd5 11. cxd5 Re8 12. 0-0 c4 13. Bc2 b5 14. a3 Na6 15. Re1 Nc5 16. Bg5 h6 17. Bh4 Bb7 18. Nd2 a6 19. f4 Qc7 20. Kh1 Rab8 21. Qf3 Nfd7 22. Rac1 Ba8 23. b4 cxb3 24. Nxb3 Nxb3 25. Bxb3 Qa5 26. Nb1 Rbc8 27. Rcd1 b4 28. axb4 Qxb4 29. Re3 a5 30. Be1 Qb6 31. Ba4 Red8 32. Rb3 Qc7 33. Bxd7 Rxd7 34. Ra3 Qc2 35. Rxa5 f5 36. exf5 Qxf5 37. Bc3 Bxc3 38. Nxc3 Re8 39. Raa1 Rde7 40. Nb5 Qf6 41. f5 gxf5 42. Qg3+ Rg7 43. Qxd6 Qb2 44. Rg1 Qxb5 45. Rae1 Rxe1 46. Rxe1 Qxd5 47. Qxd5+ Bxd5 48. Re2 Kf7 49. Kh2 Kf6 50. Rd2 Ke5 0-1

[Event "Asuncion CIT op"]
[Site "Asuncion"]
[Date "2023.08.12"]
[Round "1"]
[White "Meza, Anahi Silvina"]
[Black "Olmedo Sosa, Marcos Gabriel"]
[Result "1-0"]
[WhiteElo "1956"]
[BlackElo "1191"]
[PlyCount "33"]
[EventDate "2023.08.12"]
[EventType "swiss"]
[EventRounds "9"]
[EventCountry "PAR"]
[SourceTitle "CBM 215 Extra"]
[Source "ChessBase"]
[SourceDate "2023.09.30"]
[SourceVersion "1"]
[SourceVersionDate "2023.09.30"]
[SourceQuality "1"]

1. d4 d5 2. c4 c6 3. Nf3 Nf6 4. Nc3 e6 5. Bg5 Nbd7 6. e3 h6 7. Bh4 Bb4 8. Nd2 0-0 9. Bd3 g6 10. 0-0 Qc7 11. Rc1 Kg7 12. f4 b6 13. cxd5 exd5 14. Nf3 Ng4 15. Nxd5 cxd5 16. Rxc7 Nxe3 17. Qb3 1-0

[Event "Rio de Janeiro Duchamp op 4th"]
[Site "Rio de Janeiro"]
[Date "2022.12.10"]
[Round "5"]
[White "Fernandez, Maria Florencia"]
[Black "Meza, Anahi Silvina"]
[Result "1-0"]
[WhiteElo "2196"]
[BlackElo "1965"]
[PlyCount "48"]
[EventDate "2022.12.07"]
[EventType "swiss"]
[EventRounds "9"]
[EventCountry "BRA"]
[SourceTitle "CBM 211 Extra"]
[Source "ChessBase"]
[SourceDate "2023.01.31"]
[SourceVersion "1"]
[SourceVersionDate "2023.01.31"]
[SourceQuality "1"]

1. d4 f5 2. Nf3 Nf6 3. Bg5 e6 4. Nbd2 d5 5. Ne5 Be7 6. e3 0-0 7. Bd3 Nbd7 8. Ndf3 Ne4 9. Bxe7 Qxe7 10. Nxd7 Bxd7 11. Ne5 Qb4+ 12. Kf1 Bb5 13. Kg1 Bxd3 14. Nxd3 Qe7 15. h4 b6 16. c3 c5 17. Rh3 Kh8 18. Qe2 c4 19. Ne5 b5 20. f3 Nf6 21. h5 Nd7 22. Nxd7 Qxd7 23. h6 g6 24. g4 f4 1-0

[Event "Rio de Janeiro Duchamp op 4th"]
[Site "Rio de Janeiro"]
[Date "2022.12.10"]
[Round "4"]
[White "Meza, Anahi Silvina"]
[Black "Campagnolo, Bruna"]
[Result "1-0"]
[WhiteElo "1965"]
[BlackElo "1535"]
[PlyCount "59"]
[EventDate "2022.12.07"]
[EventType "swiss"]
[EventRounds "9"]
[EventCountry "BRA"]
[SourceTitle "CBM 211 Extra"]
[Source "ChessBase"]
[SourceDate "2023.01.31"]
[SourceVersion "1"]
[SourceVersionDate "2023.01.31"]
[SourceQuality "1"]

1. d4 d5 2. c4 e6 3. Nc3 Be7 4. Nf3 c6 5. Bf4 Nf6 6. e3 Nbd7 7. Bd3 Nh5 8. Be5 f6 9. Ng5 Nxe5 10. dxe5 g6 11. Nxh7 f5 12. g4 Rxh7 13. gxh5 Rxh5 14. Qd2 Qc7 15. Be2 Rh8 16. Qd4 Rh4 17. f4 a6 18. 0-0-0 dxc4 19. Qxc4 b5 20. Qd3 Bb7 21. Bf3 Rd8 22. Qe2 Rxd1+ 23. Rxd1 c5 24. Nxb5 axb5 25. Qxb5+ Kf7 26. Bxb7 Rxh2 27. Rd7 Qb8 28. Qxc5 Qf8 29. a4 Kg8 30. Qxe7 1-0

[Event "Rio de Janeiro Duchamp op 4th"]
[Site "Rio de Janeiro"]
[Date "2022.12.09"]
[Round "3"]
[White "Sandrim Juliao, Tais"]
[Black "Meza, Anahi Silvina"]
[Result "1/2-1/2"]
[WhiteElo "1669"]
[BlackElo "1965"]
[PlyCount "120"]
[EventDate "2022.12.07"]
[EventType "swiss"]
[EventRounds "9"]
[EventCountry "BRA"]
[SourceTitle "CBM 211 Extra"]
[Source "ChessBase"]
[SourceDate "2023.01.31"]
[SourceVersion "1"]
[SourceVersionDate "2023.01.31"]
[SourceQuality "1"]

1. d4 f5 2. Nf3 Nf6 3. c4 g6 4. Nc3 Bg7 5. Qb3 d6 6. Bg5 0-0 7. e3 Kh8 8. Be2 c6 9. h4 h6 10. Bxf6 Bxf6 11. 0-0-0 Qa5 12. Ng5 Kg7 13. Nf3 c5 14. h5 g5 15. Qc2 Nc6 16. a3 Kh8 17. g4 cxd4 18. Nxd4 Bg7 19. Nd5 Nxd4 20. exd4 e5 21. Ne7 Rf7 22. Ng6+ Kg8 23. dxe5 dxe5 24. Rd5 Qc7 25. Rhd1 Bd7 26. Qd2 Bc6 27. Rd6 Re8 28. c5 Ba4 29. Bc4 Bxd1 30. Bxf7+ Qxf7 31. Kxd1 Qb3+ 32. Ke1 e4 33. Rd8 Rxd8 34. Qxd8+ Kh7 35. Qd7 Qxb2 36. gxf5 Qc3+ 37. Kf1 Qd3+ 38. Qxd3 exd3 39. Ke1 Bc3+ 40. Kd1 Kg7 41. Ne7 Kf7 42. Nc8 Kf6 43. Nd6 Bd4 44. Nxb7 Kxf5 45. Kd2 Ke4 46. c6 Bb6 47. Nd6+ Kd5 48. Nf7 Kxc6 49. Nxh6 Kd5 50. Kxd3 Bxf2 51. Ng4 Bd4 52. h6 Bh8 53. h7 Ke6 54. Ke4 a6 55. a4 a5 56. Ne3 Kf6 57. Nc4 Kg6 58. Nxa5 Kxh7 59. Kf5 Kh6 60. Kg4 Bc3 1/2-1/2

[Event "ARG-ch 96th"]
[Site "Buenos Aires"]
[Date "2022.06.03"]
[Round "2"]
[White "Meza, Anahi Silvina"]
[Black "Moreno Perez, Tobias Sebastian"]
[Result "0-1"]
[WhiteElo "2021"]
[BlackElo "2242"]
[PlyCount "116"]
[EventDate "2022.06.02"]
[EventType "swiss"]
[EventRounds "11"]
[EventCountry "ARG"]
[SourceTitle "CBM 208 Extra"]
[Source "ChessBase"]
[SourceDate "2022.07.31"]
[SourceVersion "1"]
[SourceVersionDate "2022.07.31"]
[SourceQuality "1"]

1. d4 d5 2. c4 c6 3. Nf3 Nf6 4. Nc3 dxc4 5. a4 Bf5 6. e3 e6 7. Bxc4 Bb4 8. 0-0 0-0 9. Qe2 Bg6 10. Ne5 Nbd7 11. Nxg6 hxg6 12. Rd1 Qe7 13. e4 e5 14. d5 Rfd8 15. dxc6 bxc6 16. Bg5 Nf8 17. Qf3 Ne6 18. Qg3 Nxg5 19. Qxg5 Bxc3 20. bxc3 Qc5 21. Ba2 Qxf2+ 22. Kxf2 Nxe4+ 23. Ke3 Nxg5 24. Rab1 Rxd1 25. Rxd1 Rb8 26. Rd2 Rb6 27. Rd8+ Kh7 28. h4 Rb2 29. Bc4 Ne6 30. Rd7 Nc5 31. Rxf7 Rc2 32. Be2 Rxc3+ 33. Kd2 Ne4+ 34. Kd1 a5 35. Ra7 Rc5 36. Bd3 Rd5 37. Ke2 Nc3+ 38. Ke3 Nd1+ 39. Ke2 Nc3+ 40. Ke3 Nxa4 41. h5 Nb2 42. Bxg6+ Kh6 43. g4 a4 44. Ke4 Nd3 45. Bf7 Rd4+ 46. Ke3 Nb4 47. Bg6 Rxg4 48. Kf3 Rf4+ 49. Kg3 Nd5 50. Ra6 Rc4 51. Bf7 Kg5 52. Ra7 Rc3+ 53. Kf2 a3 54. Bg6 Kh6 55. Bf7 Nb4 56. Ke1 Rc1+ 57. Kd2 Rc2+ 58. Ke3 a2 0-1

[Event "Titled Tuesday intern op 29th Mar Late"]
[Site "Chess.com INT"]
[Date "2022.03.29"]
[Round "4"]
[White "Cervantes Landeiro, Thalia"]
[Black "Meza, Anahi Silvina"]
[Result "1-0"]
[WhiteElo "2206"]
[BlackElo "1997"]
[PlyCount "59"]
[EventDate "2022.03.29"]
[EventType "swiss (blitz)"]
[EventRounds "11"]
[EventCountry "USA"]
[SourceTitle "CBM 207 Extra"]
[Source "ChessBase"]
[SourceDate "2022.05.31"]
[SourceVersion "1"]
[SourceVersionDate "2022.05.31"]
[SourceQuality "1"]

1. d4 Nf6 2. c4 g6 3. Nc3 Bg7 4. e4 0-0 5. f4 d6 6. Nf3 c5 7. d5 Bg4 8. Be2 e6 9. dxe6 Bxe6 10. 0-0 Re8 11. Bd3 Bg4 12. h3 Bxf3 13. Qxf3 Nc6 14. Be3 Nd7 15. Rad1 a6 16. Qf2 Rb8 17. Nd5 b5 18. e5 dxe5 19. f5 e4 20. Be2 Nce5 21. f6 Bf8 22. Qh4 Re6 23. Bh6 bxc4 24. Bxf8 Qxf8 25. Bg4 Nxg4 26. Ne7+ Kh8 27. Rxd7 Ne3 28. Nxg6+ Kg8 29. Nxf8 Nxf1 30. Nxe6 1-0

[Event "Titled Tuesday intern op 29th Mar Late"]
[Site "Chess.com INT"]
[Date "2022.03.29"]
[Round "9"]
[White "Melaugh, Shanemelaugh"]
[Black "Meza, Anahi Silvina"]
[Result "1-0"]
[WhiteElo "2149"]
[BlackElo "1997"]
[PlyCount "117"]
[EventDate "2022.03.29"]
[EventType "swiss (blitz)"]
[EventRounds "11"]
[EventCountry "USA"]
[SourceTitle "CBM 207 Extra"]
[Source "ChessBase"]
[SourceDate "2022.05.31"]
[SourceVersion "1"]
[SourceVersionDate "2022.05.31"]
[SourceQuality "1"]

1. d4 Nf6 2. c4 g6 3. Nc3 Bg7 4. e4 0-0 5. Be2 d6 6. Be3 Nbd7 7. g4 c5 8. g5 Ne8 9. h4 cxd4 10. Bxd4 Bxd4 11. Qxd4 Qb6 12. Qd2 Ne5 13. Nd5 Qd8 14. f4 Nc6 15. 0-0-0 Ng7 16. h5 gxh5 17. f5 b5 18. cxb5 Ne5 19. Bxh5 Nxf5 20. exf5 Bxf5 21. b3 Rc8+ 22. Nc3 Nd3+ 23. Qxd3 Bxd3 24. Rxd3 Qa5 25. Kb2 Rc5 26. Nge2 Rxg5 27. Bf3 Rc8 28. Be4 h5 29. Rdh3 Qb4 30. Rxh5 Rxh5 31. Rxh5 a5 32. Rh4 Qc5 33. Rg4+ Kf8 34. Rh4 Kg7 35. a4 Qe5 36. Bd3 f5 37. Rh5 e6 38. b6 Rb8 39. Bc4 Rxb6 40. Rh3 Rb8 41. Rg3+ Kf6 42. Kc2 d5 43. Bd3 d4 44. Nb5 Rc8+ 45. Kd2 Qd5 46. Bc4 Rxc4 47. bxc4 Qxc4 48. Nbxd4 Qxa4 49. Re3 Qa2+ 50. Nc2 e5 51. Ra3 Qd5+ 52. Rd3 Qc5 53. Rc3 Qd5+ 54. Rd3 Qb5 55. Nc3 Qb4 56. Ke2 Qg4+ 57. Kd2 Qg2+ 58. Kd1 e4 59. Rd2 1-0

[Event "Titled Tuesday intern op 29th Mar Late"]
[Site "Chess.com INT"]
[Date "2022.03.29"]
[Round "11"]
[White "Song, Guannan Terry"]
[Black "Meza, Anahi Silvina"]
[Result "1-0"]
[WhiteElo "2145"]
[BlackElo "1997"]
[PlyCount "57"]
[EventDate "2022.03.29"]
[EventType "swiss (blitz)"]
[EventRounds "11"]
[EventCountry "USA"]
[SourceTitle "CBM 207 Extra"]
[Source "ChessBase"]
[SourceDate "2022.05.31"]
[SourceVersion "1"]
[SourceVersionDate "2022.05.31"]
[SourceQuality "1"]

1. a3 e5 2. h3 d5 3. g4 Nc6 4. Bg2 h6 5. b4 Nf6 6. Bb2 Bd6 7. Nc3 Be6 8. e3 d4 9. Nb5 0-0 10. Nxd6 Qxd6 11. Ne2 Rad8 12. Ng3 d3 13. cxd3 Qxd3 14. Bf1 Qd5 15. Qe2 Qb3 16. Bc3 Nd5 17. Qc4 Qa4 18. b5 Qxc4 19. Bxc4 Nce7 20. Bxe5 c6 21. 0-0 cxb5 22. Bxb5 Ng6 23. Bd4 Nh4 24. Be2 a6 25. f4 Ne7 26. Rac1 Rd7 27. Kf2 Neg6 28. f5 Nxf5 29. gxf5 1-0

[Event "Montevideo Duchamp Cup 5th"]
[Site "Montevideo"]
[Date "2022.02.16"]
[Round "6"]
[White "Michailov, Matias"]
[Black "Meza, Anahi Silvina"]
[Result "1-0"]
[WhiteElo "2248"]
[BlackElo "1996"]
[PlyCount "109"]
[EventDate "2022.02.12"]
[EventType "swiss"]
[EventRounds "9"]
[EventCountry "URU"]
[SourceTitle "CBM 206 Extra"]
[Source "ChessBase"]
[SourceDate "2022.03.31"]
[SourceVersion "1"]
[SourceVersionDate "2022.03.31"]
[SourceQuality "1"]

1. d4 Nf6 2. Nf3 g6 3. c4 Bg7 4. Nc3 0-0 5. e4 d6 6. Be2 e5 7. d5 a5 8. Bg5 h6 9. Bh4 Na6 10. Nd2 Bd7 11. 0-0 Qe8 12. b3 Nh7 13. a3 b6 14. Rb1 f5 15. f3 f4 16. b4 axb4 17. axb4 h5 18. Bf2 g5 19. c5 bxc5 20. bxc5 Nxc5 21. Bxc5 dxc5 22. Rb7 Qc8 23. Qb3 Kh8 24. Nc4 g4 25. d6 Qd8 26. fxg4 hxg4 27. Nd5 Qh4 28. g3 Qh6 29. dxc7 f3 30. Bd3 f2+ 31. Kh1 Ng5 32. Qb2 Qh3 33. Qe2 Nf3 34. Rxf2 Nd4 35. Rxf8+ Rxf8 36. Qg2 Qh6 37. Rb8 Bc8 38. Nce3 Qc6 39. Qa2 Nf3 40. Rb6 Qe8 41. Ba6 Bxa6 42. Rxa6 Nd4 43. Rb6 Nc6 44. Qe2 Qa8 45. Qxg4 Qa1+ 46. Kg2 Qa4 47. Qh3+ Kg8 48. Qe6+ Kh8 49. Rxc6 Qxe4+ 50. Kg1 Qb1+ 51. Kg2 Qe4+ 52. Kh3 Qh7+ 53. Kg4 Qxh2 54. c8Q Qe2+ 55. Kg5 1-0

[Event "Florianopolis op 8th"]
[Site "Florianopolis"]
[Date "2022.01.25"]
[Round "3"]
[White "Labussiere, Yago"]
[Black "Meza, Anahi Silvina"]
[Result "1-0"]
[WhiteElo "2257"]
[BlackElo "1996"]
[PlyCount "38"]
[EventDate "2022.01.24"]
[EventType "swiss"]
[EventRounds "10"]
[EventCountry "BRA"]
[SourceTitle "CBM 206 Extra"]
[Source "ChessBase"]
[SourceDate "2022.03.31"]
[SourceVersion "1"]
[SourceVersionDate "2022.03.31"]
[SourceQuality "1"]

1. c4 Nf6 2. Nc3 g6 3. e4 d6 4. g3 Bg7 5. Bg2 0-0 6. Nge2 e5 7. 0-0 Nbd7 8. d3 c6 9. h3 Ne8 10. Be3 Nc7 11. d4 a5 12. Qc2 Ne6 13. Rad1 exd4 14. Nxd4 Nxd4 15. Bxd4 Bxd4 16. Rxd4 Qe7 17. Rfd1 Nb6 18. Qb3 Be6 19. Rxd6 a4 1-0

[Event "Montevideo Duchamp Cup 4th"]
[Site "Montevideo"]
[Date "2020.02.15"]
[Round "9"]
[White "Meza, Anahi Silvina"]
[Black "Santiso, Daniel"]
[Result "1-0"]
[WhiteElo "2046"]
[BlackElo "1900"]
[PlyCount "83"]
[EventDate "2020.02.08"]
[EventType "swiss"]
[EventRounds "9"]
[EventCountry "URU"]
[SourceTitle "CBM 194 Extra"]
[Source "ChessBase"]
[SourceDate "2020.03.31"]
[SourceVersion "1"]
[SourceVersionDate "2020.03.31"]
[SourceQuality "1"]

1. d4 e6 2. c4 f5 3. g3 Nf6 4. Bg2 c6 5. Nc3 d5 6. Nh3 Bd6 7. 0-0 0-0 8. Bf4 b6 9. Bxd6 Qxd6 10. b3 Bb7 11. e3 Na6 12. Rc1 Ne4 13. Ne2 Rad8 14. Nef4 dxc4 15. Bxe4 fxe4 16. Ng5 Nc7 17. Qh5 h6 18. Nxe4 Qe7 19. Ng6 Qe8 20. Qg4 cxb3 21. Nxf8 Qxf8 22. axb3 Nd5 23. Qxe6+ Kh8 24. Qg6 Ne7 25. Qg4 Bc8 26. Qf4 Qg8 27. Qc7 Qf8 28. Qf4 Qg8 29. Nd2 Bh3 30. Rfe1 Rf8 31. Qh4 Qe6 32. Qe4 Qf7 33. f4 Be6 34. Nc4 Bd5 35. Qd3 b5 36. Ne5 Qg8 37. e4 Bxb3 38. d5 Bc4 39. Nxc4 bxc4 40. Qxc4 cxd5 41. Qc5 Re8 42. Qxa7 1-0

[Event "Montevideo Duchamp Cup 4th"]
[Site "Montevideo"]
[Date "2020.02.14"]
[Round "8"]
[White "Benoit, Rodrigo"]
[Black "Meza, Anahi Silvina"]
[Result "1/2-1/2"]
[WhiteElo "2170"]
[BlackElo "2046"]
[PlyCount "50"]
[EventDate "2020.02.08"]
[EventType "swiss"]
[EventRounds "9"]
[EventCountry "URU"]
[SourceTitle "CBM 194 Extra"]
[Source "ChessBase"]
[SourceDate "2020.03.31"]
[SourceVersion "1"]
[SourceVersionDate "2020.03.31"]
[SourceQuality "1"]

1. d4 Nf6 2. Nf3 g6 3. Bf4 Bg7 4. e3 d6 5. Be2 0-0 6. 0-0 c5 7. c3 Qb6 8. Qc1 Nc6 9. Nbd2 Nh5 10. Bg5 h6 11. Bh4 g5 12. Ne1 gxh4 13. Bxh5 cxd4 14. exd4 Be6 15. Bf3 Bf5 16. Be4 Bxe4 17. Nxe4 f5 18. Nd2 h3 19. d5 hxg2 20. Kxg2 Ne5 21. Ndf3 Qc5 22. Nxe5 dxe5 23. c4 Rac8 24. b3 b5 25. Rb1 e4 1/2-1/2

[Event "Montevideo Duchamp Cup 4th"]
[Site "Montevideo"]
[Date "2020.02.11"]
[Round "5"]
[White "Meza, Anahi Silvina"]
[Black "Coppola, Claudio"]
[Result "1/2-1/2"]
[WhiteElo "2046"]
[BlackElo "2314"]
[PlyCount "78"]
[EventDate "2020.02.08"]
[EventType "swiss"]
[EventRounds "9"]
[EventCountry "URU"]
[SourceTitle "CBM 194 Extra"]
[Source "ChessBase"]
[SourceDate "2020.03.31"]
[SourceVersion "1"]
[SourceVersionDate "2020.03.31"]
[SourceQuality "1"]

1. d4 Nf6 2. c4 c5 3. d5 b5 4. cxb5 a6 5. bxa6 g6 6. Nc3 Bxa6 7. Nf3 Bg7 8. g3 d6 9. Bg2 Nbd7 10. 0-0 Nb6 11. Rb1 Bc4 12. b4 Nfxd5 13. Nxd5 Nxd5 14. Bb2 Bxb2 15. Rxb2 Nc3 16. Qa1 0-0 17. bxc5 Nxe2+ 18. Kh1 dxc5 19. Ne5 Ba6 20. Nc6 Qd6 21. Re1 Rac8 22. Rb6 Bc4 23. Qb2 Bd5 24. Nxe7+ Qxe7 25. Qxe2 Qa7 26. Qa6 Qxa6 27. Rxa6 Bc4 28. Ra3 Rfe8 29. Rc1 Be6 30. Bf1 Red8 31. Bc4 Rd2 32. Bxe6 fxe6 33. Kg2 Rc7 34. Rac3 Rd5 35. a4 Kf7 36. Rb3 Ke7 37. a5 Ra7 38. Rb5 c4 39. Rb4 Rdxa5 1/2-1/2